000 01047nam a2200277 i 4500
001 93415
003 ES-MaACL
005 20250624062856.0
007 t|
008 050526s1961 sp ||||1| spa d
080 _a75 Viola, Manuel (083.82)
100 1 _aViola, Manuel.
_9115409
245 1 0 _aViola
_b: [exposición, Sala de Santa Catalina del Ateneo de Madrid, 21 de noviembre-10 de diciembre de 1961].
260 _aMadrid :
_bEditora Nacional,
_c[1961]
300 _a[58] p. :
_bprincipalmente il. n. ;
_c21 cm.
490 1 _aCuadernos de arte. Colección ordinaria ;
_v84
600 1 4 _aViola, Manuel-
_vExposiciones.
_9115410
610 2 7 _aAteneo de Madrid-
_vExposiciones-
_y1960-1969.
_91920
655 7 _2tgfbne
_9193628
_aCatálogos de exposiciones
710 2 _aAteneo de Madrid.
_bSala de Santa Catalina.
_91964
830 0 _aCuadernos de arte. Colección ordinaria
_v84
_9180064
852 _aES-MaACL
_j2192-F-7
_996850
_bR.136080
_cDEPOF
852 _aES-MaACL
_jG-13298(5).
942 _2udc
_cFOLLETOS
999 _c93415
_d93415